000 00623nam a2200205Ia 4500
003 GCL
008 140319s9999 xx 000 0 ara d
040 _aGCL /
_cGCL
082 0 4 _a928.1
_bش ش
100 1 _aشوقى ضيف
245 1 0 _aشوقى شاعر العصر الحديث /
_cشوقى ضيف
260 _a[S.N] :
_bدار المعارف ،
_c1986
300 _a258 ص ؛
_c24 سم
490 _aمكتبة الدراسات الادبية
_v0
650 0 4 _aالعصر الحديث
650 0 4 _aالتراجم الادبية
650 0 4 _aالشعراء
650 0 4 _aاحمد شوقى
942 _2ddc
_cBK
999 _c28431
_d28431